Language Quiz

Random Language or Letter Quiz

Word Hourglass V Quiz Stats

Quiz Updated Mar 12, 2015

Also try: Word Hourglass IV
Challenge
Share
Tweet
Embed
Score 0/11 Timer 02:00
0 Plays Today
Clue Word % Correct
Our planetEARTH
99.4%
The highest gradeA
98%
Red card suitHEARTS
96.6%
Veggies that come in podsPEAS
94.2%
Blood of a tree?SAP
94.1%
Black card suitSPADES
93.7%
Egyptian sun godRA
92.8%
State south of NYPA
91.6%
Component of asphaltTAR
88%
Lachrymose dropletTEAR
75.9%
Out-of-stylePASSÉ
60.7%

You're not logged in!

Compare scores with friends on all Sporcle quizzes.
Sign Up with Email
OR
Log In

You Might Also Like...

Show Comments

Extras

Top Quizzes Today


Score Distribution

Your Account Isn't Verified!

In order to create a playlist on Sporcle, you need to verify the email address you used during registration. Go to your Sporcle Settings to finish the process.